La mise en scène des oeuvres du passé

Uloženo v:
Podrobná bibliografie
Hlavní autoři: Jacquot, Jean (Autor), Veinstein, André (Autor)
Médium: Kniha
Jazyk:francouzština
Vydáno: París Centre National de la Recherche Scientifique 1956
Vydání:1a. ed
Témata:
Tagy: Přidat tag
Žádné tagy, Buďte první, kdo vytvoří štítek k tomuto záznamu!

MARC

LEADER 00000nam a2200000 a 4500
001 UCK4172
003 CL-VaPUC
005 20231207142210.0
008 050520e19560000fr 1 fre d
082 0 4 |a 792.9  |b JAC  |2 21 
100 |a Jacquot, Jean  |e author  |9 620713 
700 1 |a Veinstein, André  |e author  |9 620714 
245 1 3 |a La mise en scène des oeuvres du passé 
250 |a 1a. ed 
260 |a París  |b Centre National de la Recherche Scientifique  |c 1956 
300 |a 303 p 
583 |a last modification  |c 20190823 10:45:30  |k Rodrigo Vera 
650 0 7 |a PUESTA EN ESCENA  |2 CL-VaPUC  |9 408773 
650 0 0 |a Teatro  |9 265385 
650 0 7 |a PRODUCCION Y DIRECCION  |2 CL-VaPUC  |9 620715 
650 0 0 |a Historia y crítica   |9 257407 
942 |c BK 
945 |a jcarroza  |d 20050520 00:00:00 
546 |a En Francés 
536 |a Centre National de la Recherche Scientifique 
518 |p Entretiens d'Arras, 1, 15-18 juin 1956 
999 |c 384125  |d 384123 
952 |0 0  |1 0  |2 ddc  |4 0  |6 792_900000000000000_JAC_1956  |7 0  |8 P  |9 506599  |a BIBARQ  |b BIBARQ  |d 2020-01-23  |i 4039130  |o 792.9 JAC 1956  |p 4039130  |r 2025-01-20  |w 2020-01-23  |y BK  |k ARQ